000 01828nam a2200325 a 4500
001 00168
003 DO-SdBNP
005 20180313123627.0
007 00168
008 150130s 2001 dr 2001 000 0 spa d
020 _a8482613448
040 _aBPMSU
_bspa
_cBPMSU
092 _a373.7
_bM425m 4to 2001
245 1 0 _aMatemáticas 4 :
_b[educación media] /
_cDaniel Michel ... [et al.].
260 _aSanto Domingo :
_bSantillana,
_c2001.
300 _a279 p. :
_bil., retrs. ;
_c28 cm.
490 1 _aUmbral
505 1 _t2do. curso / 2do. ciclo --
_tUnidad 1: Trasformaciones geométricas --
_tUnidad 2: Trigonometría --
_tUnidad 3: Números complejos --
_tUnidad 4: Análisis combinatorio --
_tFeria científica: Los cuadrados mágicos (I) --
_tUnidad 5 : Suceciones --
_tUnidad 6: Convergencia y divergencia --
_tUnidad 7: Matemáticas financieras, I --
_tUnidad 8: Matemáticas financieras, II --
_tFeria científica: Los cuadrados mágicos (II) --
_tUnidad 9: Probabilidades --
_tUnidad 10: Límite de una función --
_tUnidad 11: Continuidad y discontinuidad --
_tFeria científico: Modelo de taladro para hacer agujeros cuadrados (I) --
_tUnidad 12: Derivada de funciones --
_tUnidad 13: Aplicaciones de la derivada --
_tUnidad 14: Introducción al cálculo integral --
_tFeria científica: Modelo de taladro para hacer agujeros cuadrados (II) --
650 4 _aEDUCACIÓN SECUNDARIA
_zREPÚBLICA DOMINICANA
650 4 _aMATEMÁTICAS
_xENSEÑANZA SECUNDARIA
650 4 _aMATEMÁTICAS
_xESTUDIOS Y EJERCÍCIOS
650 4 _aMATEMÁTICAS
_xLIBROS DE TEXTOS
700 1 2 _aMichel, Daniel.
830 0 _aUmbral
910 _aValidado. Control de calidad MFF
942 _2ddc
_cBK
945 _ainventariado, 2018 / DG
956 _aVMATEO
_b10
_c20150717
_lBPMSU
_h00151
956 _aBTAVÁREZ
_b10
_c20160407
_lBPMSU
_h00168
999 _c9627
_d9627